Amélia e o peixe (Record no. 116624)

MARC details
000 -LÍDER
campo de controle de tamanho fixo 00967 a2200241 4500
001 - NÚMERO DE CONTROLE
campo de controle 116624
020 ## - ISBN - INTERNATIONAL STANDARD BOOK NUMBER
ISBN - International Standard Book Number 9788574125084
020 ## - ISBN - INTERNATIONAL STANDARD BOOK NUMBER
Informação qualificadora broch
041 ## - CÓDIGO DE IDIOMA
Código do idioma do texto/trilha sonora ou título diferente por
082 ## - CDD - CLASSIFICAÇÃO DECIMAL DE DEWEY
Número de Classificação [E]
040 ## - FONTE DA CATALOGAÇÃO
Instituição da catalogação original BR-BrIDEA
Instituição que transcreveu o registro BR-BrIDEA
090 ## - NÚMERO DE CHAMADA LOCAL
Número de chamada (OCLC) (R); Número de chamada, CALL (RLIN) (NR) P SK [E]
Número Cutter local (OCLC); Número de classificação do livro, CALL (RLIN) BAN
100 ## - ENTRADA PRINCIPAL--NOME PESSOAL
Nome pessoal Bansch, Helga
240 10 - TÍTULO UNIFORME
Título uniforme Amelie und der Fisch
Idioma da obra ger
245 10 - TÍTULO
Título Amélia e o peixe
Indicação de responsabilidade, etc. Helga Bansch ; tradução José Feres Sabino
260 ## - PUBLICAÇÃO, DISTRIBUIÇÃO, ETC.
Local de publicação, distribuição, etc. São Paulo
Nome do editor, distribuidor, etc. Brinque-Book
Data da publicação, distribuição, etc. 2016
300 ## - DESCRIÇÃO FÍSICA
Extensão 26 p.
Outros detalhes físicos col. ill.
520 ## - NOTA DE RESUMO, ETC
Resumo, etc. Em seu primeiro dia à beira-mar Amélia se sente intimidada pelo novo ambiente: as ondas e o cheiro da maresia a deixam um pouco desconfortável. A súbita aparição de um simpático peixinho, que se transforma num colega de brincadeiras, deixa-a mais à vontade, mas quando a menina decide tomar o peixe para si, precisa aprender os limites e as diferenças entre afeto e posse.
697 ## - ENTRADA DE ASSUNTO LOCAL--ENTIDADE COLETIVA (RLIN)
Nome corporativo ou nome da jurisdição Amizade
697 ## - ENTRADA DE ASSUNTO LOCAL--ENTIDADE COLETIVA (RLIN)
Nome corporativo ou nome da jurisdição Posse
856 ## - LOCALIZAÇÃO ELETRÔNICA E ACESSO
Uniform Resource Identifier <a href="000006/0000063b.jpg">000006/0000063b.jpg</a>
942 ## - ELEMENTOS DE ENTRADA ADICIONADOS (KOHA)
Tipo de material Koha Livros
Holdings
Situação do descarte Situação das perdas Fonte da classificação ou esquema de arquivamento na estante Situação física Não pode ser emprestado Biblioteca de origem Biblioteca atual Data de aquisição Total de empréstimos Número de chamada completo Código de barras Data de último acesso Data do preço efetivo Tipo de material Koha Data do último empréstimo
    Classificação Decimal de Dewey     ECB - SUDOESTE ECB - SUDOESTE 17/03/2020   P SK [E] BAN 00049712SSW 23/01/2024 23/01/2024 Livros  
    Classificação Decimal de Dewey     ECB - SUDOESTE ECB - SUDOESTE 17/03/2020   P SK [E] BAN 00049713SSW 23/01/2024 23/01/2024 Livros  
    Classificação Decimal de Dewey     ECB - SUDOESTE ECB - SUDOESTE 17/03/2020 4 P SK [E] BAN 00049714SSW 18/06/2024 23/01/2024 Livros 28/05/2024
    Classificação Decimal de Dewey     ECB - ÁGUAS CLARAS ECB - ÁGUAS CLARAS 08/04/2020   AP SK [E] BAN 00049874AGC 23/01/2024 23/01/2024 Livros  
    Classificação Decimal de Dewey     ECB - ÁGUAS CLARAS ECB - ÁGUAS CLARAS 08/04/2020   AP SK [E] BAN 00049875AGC 23/01/2024 23/01/2024 Livros  
          Leonardo Da Vinci - Alphaville 2 Leonardo Da Vinci - Alphaville 2 27/03/2024   028.5 B219a 2A62 27/03/2024 27/03/2024 Livros